000 00425cam a2200181ua 4500
020 _c9.60
041 _aeng
_h
082 _a547
_bFIN/OR
100 _aFinar, I L .
245 _aOrganic chemistry, Vol 2 /
_cI L Finar.
_hTextual Documents
250 _a2 /
_b.
260 _aLondon :
_bLongman Green and Co ,
_c1962.
300 _a834 ; .
365 _a9.60
504 _a
942 _cBK
999 _c9357
_d9357